The hour of the gate / (Record no. 1717)

MARC details
000 -LEADER
fixed length control field 00522nam a22001937a 4500
005 - DATE AND TIME OF LATEST TRANSACTION
control field 20230310082345.0
008 - FIXED-LENGTH DATA ELEMENTS--GENERAL INFORMATION
fixed length control field 230310b |||||||| |||| 00| 0 eng d
020 ## - INTERNATIONAL STANDARD BOOK NUMBER
International Standard Book Number 0-446-35650-6
082 ## - DEWEY DECIMAL CLASSIFICATION NUMBER
Classification number Fic. F754 1984
100 ## - MAIN ENTRY--PERSONAL NAME
Personal name Foster, Alan Dean
Relator term author
245 ## - TITLE STATEMENT
Title The hour of the gate /
Statement of responsibility, etc. Alan Dean Foster
260 ## - PUBLICATION, DISTRIBUTION, ETC.
Place of publication, distribution, etc. New York:
Name of publisher, distributor, etc. Warner Books,
Date of publication, distribution, etc. c1984
300 ## - PHYSICAL DESCRIPTION
Extent 300p.
490 ## - SERIES STATEMENT
Series statement Spellsinger; book 2
541 ## - IMMEDIATE SOURCE OF ACQUISITION NOTE
Accession number 5322
650 ## - SUBJECT ADDED ENTRY--TOPICAL TERM
Topical term or geographic name entry element Wizard - Fiction
650 ## - SUBJECT ADDED ENTRY--TOPICAL TERM
Topical term or geographic name entry element Magic - Fiction
650 ## - SUBJECT ADDED ENTRY--TOPICAL TERM
Topical term or geographic name entry element Adventure fiction
Holdings
Withdrawn status Lost status Source of classification or shelving scheme Damaged status Not for loan Home library Current library Date acquired Total Checkouts Full call number Barcode Date last seen Copy number Price effective from Koha item type
    Dewey Decimal Classification     ctu-moalboal ctu-moalboal 05/03/2018   Fic. F754 1984 5322 03/10/2023 1 03/10/2023 Books-Fiction